Managerial economics : (Record no. 3761)

000 -LEADER
fixed length control field 00934pam a2200277 a 4500
001 - CONTROL NUMBER
control field 3070473
003 - CONTROL NUMBER IDENTIFIER
control field Nust
005 - DATE AND TIME OF LATEST TRANSACTION
control field 20170105101224.0
008 - FIXED-LENGTH DATA ELEMENTS--GENERAL INFORMATION
fixed length control field 970502s1998 ohua b 001 0 eng
010 ## - LIBRARY OF CONGRESS CONTROL NUMBER
LC control number 97017187
020 ## - INTERNATIONAL STANDARD BOOK NUMBER
International Standard Book Number 0538868716
040 ## - CATALOGING SOURCE
Original cataloging agency DLC
Transcribing agency DLC
Modifying agency DLC
050 00 - LIBRARY OF CONGRESS CALL NUMBER
Classification number HD30.22
Item number .T78 1998
082 00 - DEWEY DECIMAL CLASSIFICATION NUMBER
Classification number 338.5/024/658
Edition number 21
100 1# - MAIN ENTRY--PERSONAL NAME
Personal name Truett, Lila J.
Fuller form of name (Lila Jean)
245 10 - TITLE STATEMENT
Title Managerial economics :
Remainder of title analysis, problems, cases /
Statement of responsibility, etc. Lila J. Truett, Dale B. Truett.
250 ## - EDITION STATEMENT
Edition statement 6th ed.
260 ## - PUBLICATION, DISTRIBUTION, ETC.
Place of publication, distribution, etc. Cincinnati, Ohio :
Name of publisher, distributor, etc. South-Western College Pub,
Date of publication, distribution, etc. c1998.
300 ## - PHYSICAL DESCRIPTION
Extent xiv, 754 p. :
Other physical details col. ill. ;
Dimensions 24 cm.
504 ## - BIBLIOGRAPHY, ETC. NOTE
Bibliography, etc. note Includes bibliographical references and index.
650 #0 - SUBJECT ADDED ENTRY--TOPICAL TERM
Topical term or geographic name entry element Managerial economics.
700 1# - ADDED ENTRY--PERSONAL NAME
Personal name Truett, Dale B.
906 ## - LOCAL DATA ELEMENT F, LDF (RLIN)
a 7
b cbc
c orignew
d 1
e ocip
f 19
g y-gencatlg
942 ## - ADDED ENTRY ELEMENTS (KOHA)
Source of classification or shelving scheme
Koha item type Book
Holdings
Withdrawn status Lost status Source of classification or shelving scheme Damaged status Not for loan Collection code Permanent Location Current Location Shelving location Date acquired Total Checkouts Full call number Barcode Date last seen Price effective from Koha item type
            Central Library (CL) Central Library (CL) General Stacks 12/05/2016   338.5/024/658 TRU S3H-N-1177 12/05/2016 12/05/2016 Book
© 2023 Central Library, National University of Sciences and Technology. All Rights Reserved.